000
00246nam a2200097Ia 4500
001
645940
005
20250826153633.0
008
250824s9999 xx 000 0 und d
245
0
_a
ZAFER RÜZGARLARI
_c
AHMET YILMAZ BOYUNAĞA
260
_b
GENÇ TİMAŞ
999
_c
645940
_d
645940